All 25k+ cities in Colorado with a map - Statistics

General Stats
  • This quiz has been taken 37 times
  • The average score is 20 of 34
Answers on the Map
Answers color-coded by a green-red scale on the quiz's map according to % correct below.
 
Answer Stats
City Population % Correct
Denver 715,513
100%
Aurora 386,333
96%
Colorado Springs 480,378
96%
Fort Collins 169,826
96%
Boulder 108,556
93%
Pueblo 111,868
93%
Grand Junction 65,641
89%
Arvada 124,354
85%
Greeley 108,809
85%
Lakewood 155,999
81%
Thornton 141,865
81%
Longmont 98,919
78%
Broomfield 74,106
74%
Castle Rock 73,158
74%
Littleton 45,665
74%
Loveland 76,367
74%
Westminster 116,654
70%
Centennial 108,425
67%
Parker 58,495
63%
Commerce City 62,431
59%
Brighton 40,072
52%
Highlands Ranch 103,444
52%
Northglenn 38,111
37%
Pueblo West 33,086
33%
Columbine 25,229
30%
Erie 30,053
30%
Fountain 29,801
30%
Security-Widefield 38,639
26%
Wheat Ridge 32,401
26%
Windsor 32,722
26%
Englewood 33,639
22%
Lafayette 30,377
19%
Dakota Ridge 33,892
7%
Ken Caryl 33,811
4%
No matching quizzes found
Score Distribution
Percent of People with Each Score
Percentile by Number Answered
Your Score History
You have not taken this quiz